| 000 | 00631nam a2200193 a 4500 | ||
|---|---|---|---|
| 005 | 20230921063614.0 | ||
| 008 | 061002s1997 mx r 000 0 spa d | ||
| 035 | _aUPN01000147451 | ||
| 049 | _aCG | ||
| 050 | 4 |
_aHC135 _bC7.4 |
|
| 245 | 0 | 3 |
_aLa crisis productiva y financiera mexicana / _ccoord. Alfredo Sánchez Daza. |
| 260 |
_aMéxico : _bUAM-Azcapotzalco, _c1997. |
||
| 300 | _a441 p. | ||
| 440 | 0 |
_aBiblioteca de ciencias sociales y humanidades. _pEconomía |
|
| 651 | 4 |
_aMéxico _xCondiciones económicas _y1994- _97891 |
|
| 650 | 4 |
_aFINANZAS - _zMEXICO _98498 |
|
| 700 | 1 |
_aSánchez Daza, Alfredo, _ecoord. |
|
| 905 | _aLibro | ||
| 999 |
_c119596 _d119596 |
||